<?xml version="1.0" encoding="UTF-8"?>
<collection xmlns:xsi="http://www.w3.org/2001/XMLSchema-instance" xsi:schemaLocation="http://www.loc.gov/MARC21/slim http://www.loc.gov/standards/marcxml/schema/MARC21slim.xsd" xmlns="http://www.loc.gov/MARC21/slim">
 <record>
  <leader>00000cam a22000004i 4500</leader>
  <controlfield tag="001">UP-1685594773861174454</controlfield>
  <controlfield tag="003">Buklod</controlfield>
  <controlfield tag="005">20241010101402.0</controlfield>
  <controlfield tag="006">m    |o  d |      </controlfield>
  <controlfield tag="007">ta</controlfield>
  <controlfield tag="008">241010s1970    ph ac   r    |||1 0beng d</controlfield>
  <datafield tag="035" ind1=" " ind2=" ">
   <subfield code="a">(iLib)UPBAG-00000007077</subfield>
  </datafield>
  <datafield tag="037" ind1=" " ind2=" ">
   <subfield code="a">BG-17951</subfield>
   <subfield code="b">Gift-Dr. David B. Baradas</subfield>
  </datafield>
  <datafield tag="040" ind1=" " ind2=" ">
   <subfield code="a">BAG</subfield>
   <subfield code="e">rda</subfield>
  </datafield>
  <datafield tag="041" ind1="0" ind2=" ">
   <subfield code="a">eng</subfield>
  </datafield>
  <datafield tag="090" ind1=" " ind2="0">
   <subfield code="a">DS 686.6 M36</subfield>
   <subfield code="b">M37</subfield>
  </datafield>
  <datafield tag="100" ind1="1" ind2=" ">
   <subfield code="a">Maramba, Felix D.</subfield>
   <subfield code="b">Sr.</subfield>
   <subfield code="d">1897-</subfield>
   <subfield code="e">author.</subfield>
  </datafield>
  <datafield tag="245" ind1="1" ind2="0">
   <subfield code="a">Daniel Maramba</subfield>
   <subfield code="b">his life and times</subfield>
   <subfield code="c">by Felix D. Maramba, Sr. ; with a foreword by Cipriano Tito Primicias, Jr. ; and an introduction by Narciso Ramos.</subfield>
  </datafield>
  <datafield tag="264" ind1=" " ind2="1">
   <subfield code="a">Manila</subfield>
   <subfield code="b">Community Publishers,Inc.</subfield>
   <subfield code="c">©1970.</subfield>
  </datafield>
  <datafield tag="300" ind1=" " ind2=" ">
   <subfield code="a">xviii, 441 pages, 8 unnumbered pages of plates</subfield>
   <subfield code="b">illustrations, portraits</subfield>
   <subfield code="c">23 cm</subfield>
  </datafield>
  <datafield tag="336" ind1=" " ind2=" ">
   <subfield code="a">text</subfield>
   <subfield code="2">rdacontent</subfield>
  </datafield>
  <datafield tag="337" ind1=" " ind2=" ">
   <subfield code="a">unmediated</subfield>
   <subfield code="2">rdamedia</subfield>
  </datafield>
  <datafield tag="338" ind1=" " ind2=" ">
   <subfield code="a">volume</subfield>
   <subfield code="2">rdacarrier</subfield>
  </datafield>
  <datafield tag="500" ind1=" " ind2=" ">
   <subfield code="a">&quot;Daniel Maramba centennial edition.&quot;</subfield>
  </datafield>
  <datafield tag="500" ind1=" " ind2=" ">
   <subfield code="a">Includes index.</subfield>
  </datafield>
  <datafield tag="505" ind1="0" ind2=" ">
   <subfield code="a">PART ONE: THE SPANISH OCCUPATION: I. The Era of Protests -- II. Nationalism and the Reform Movement -- III. The Effects of Spanish Colonization.&#13;
&#13;
PART TWO: THE SPANISH-FILIPINO-AMERICAN WARS: IV. The Katipunero -- V. The Revolucionario -- VI. The Insurrecto -- VII. The Filipino-American Alliance.&#13;
&#13;
PART THREE: THE AMERICAN OCCUPATION: VIII. Empire Days -- IX. New Era -- X. Setback -- XI. The Independence Campaign -- XII. The Commonwealth -- XIII. The Results of the American Colonization.&#13;
&#13;
PART FOUR: THE POLITICAL ARENA: XIV. A Candidate and Partyman -- XV. Sta. Barbara Town Politics -- XVI. Third Representative District Politics -- XVII. Pangasinan Provincial Politics -- XVIII. Second Senatorial District Politics -- XIX. National Politics -- XX. Political Allies and Adversaries.&#13;
&#13;
PART FIVE: IN PUBLIC OFFICE: XXI. A Municipal Official -- XXII. Governor of Pangasinan -- XXIII. Pangasinan : Rice Granary of the Philippines -- XXIV. In the Legislature.&#13;
&#13;
PART SIX: THE PRIVATE CITIZEN: XXV. Farmer and Businessman -- XXVI. Social Justice in Practice -- XXVII. With His Friends -- XXVIII. With His Townmates.&#13;
&#13;
PART SEVEN: THE FAMILY MAN: XXIX. Suitor and Husband -- XXX. With His Children and Grandchildren -- XXXI. Training His Eldest Boy for Life -- XXXII. His Last Days -- XXXIII. Return to His Native Soil.</subfield>
  </datafield>
  <datafield tag="600" ind1="1" ind2="0">
   <subfield code="a">Maramba, Daniel</subfield>
   <subfield code="d">1870-1941.</subfield>
  </datafield>
  <datafield tag="700" ind1="1" ind2=" ">
   <subfield code="a">Primicias, Cipriano Tito.</subfield>
   <subfield code="e">contributor.</subfield>
  </datafield>
  <datafield tag="700" ind1="1" ind2=" ">
   <subfield code="a">Ramos, Narciso.</subfield>
   <subfield code="e">contributor.</subfield>
  </datafield>
  <datafield tag="905" ind1=" " ind2=" ">
   <subfield code="a">FI</subfield>
  </datafield>
  <datafield tag="852" ind1="0" ind2=" ">
   <subfield code="a">UPBAG</subfield>
   <subfield code="b">UPBAG-MAIN</subfield>
   <subfield code="h">DS 686.6 M36 M37</subfield>
  </datafield>
  <datafield tag="942" ind1=" " ind2=" ">
   <subfield code="a">Book</subfield>
  </datafield>
 </record>
</collection>
